000 00336nam a22001457a 4500
003 OSt
005 20231204100119.0
008 231204b |||||||| |||| 00| 0 eng d
040 _cIIMT UNIVERSITY
100 _aGEETA, PRESS
245 _aSTROTRATNAWALI
260 _aGORAKHPUR
_bGEETA PRESS
_cS.2049
300 _a296
942 _2ddc
_c09
999 _c57780
_d57780